Mở đất - Thơ & nhạc Lâm Hà : 1976 - 2006

保存先:
書誌詳細
フォーマット: Sách giấy
言語:Vietnamese
出版事項: H. : Nxb. Hà Nội, 2006.
主題:
タグ: タグ追加
タグなし, このレコードへの初めてのタグを付けませんか!
Thư viện lưu trữ: Thư viện Trường Đại học Đà Lạt
LEADER 00701nam a2200301 4500
001 DLU070058734
005 ##20070131
040 # # |a DLU  |b vie 
041 # # |a vie 
044 # # |a vn 
082 # # |a 895.922 1  |b Mod 
245 # # |a Mở đất - Thơ & nhạc Lâm Hà :  |b 1976 - 2006 
260 # # |a H. :  |b Nxb. Hà Nội,  |c 2006. 
300 # # |a 365 tr. ;  |c 21 cm. 
653 # # |a Lâm Hà 
653 # # |a Thơ 
653 # # |a Văn học hiện đại 
653 # # |a Văn học Việt Nam 
923 # # |a 39/2006 
992 # # |a 50.000 
994 # # |a DLU 
900 # # |a True 
911 # # |a Đào Thị Thu Huyền 
925 # # |a G 
926 # # |a A 
927 # # |a SH 
980 # # |a Thư viện Trường Đại học Đà Lạt